00556nam a2200145 a 450000100100000000500170001000800410002704000250006810000250009324500940011826000400021230000360025295201050028899900170039300003833720201002031231.0130409s2004 dr ac 000 0 spa d aDO-SdBNPbspacBNPHU1 aSuazo, Wilson95737410aLiquitín :bexpresión de decoro y rebelión de la juventud banileja /cWilson Suazo. aSanto Domingo :bBaní Ayer y Hoy. a130 p. :bil., retrs. ;c24 cm. 0010718PDaPDbPDcCTd2013-04-09iLF1l0o p38337-10r2020-06-25w2020-06-25yLFPDZNo se presta c37827d37827